000 01267nam a2200373 i 4500
001 193049
003 ItRI
005 20240707063035.0
007 ta
008 230726s2016 it |||||| ||||| |||||c
015 _2IT
_a2016-8548
020 _a9788806229689
035 _aIT\ICCU\PAR\1236097
040 _bita
_cES-MaACL
041 7 _2ISO-639-2
082 _a813.6
_223
100 1 _aStrout, Elizabeth
_0IT\ICCU\TO0V\349874
_9233863
245 1 0 _aMi chiamo Lucy Barton /
_cElizabeth Strout ; traduzione di Susanna Basso.
260 _aTorino :
_bEinaudi,
_c2016
300 _a158 p. ;
_c23 cm.
336 _2rdacontent
_aTexto
337 _2rdamedia
_asin mediación
338 _2rdacarrier
_avolumen
500 _aCatalogación provisional. Signatura: N 8541. Depósito J.
650 7 _aNovelas
_2embne
_9233904
700 1 _aBasso, Susanna
_0IT\ICCU\CFIV\076497
_9233864
852 _aEs-MaACL
_bR 153379
_cDEPOJ
_jN 8541
_hDonación: José Lázaro
_zEn proceso
_9200354
942 _n0
_cMONOGRAFIA
982 1 _6z01
_an
999 _c193049
_d193049